00503nam a2200145 4500001000700000003000900007007000300016008004100019100002300060245008600083260003300169300001900202500011300221852002300334109123ES-MaACLt|061121s1909 gw r ||||1| ger d1 aMuckle, Friedrich.10aDie Geschichte der sozialistischen Ideen im 19. Jahrhundert / cFriedrich Muckle. aLeipzig : bTeubner, c1909. a2v. ; c19 cm. aContiene: Tomo I Der rationale Sozialismus. Tomo II Proudhon und der entwicklungsgeschichtliche Sozialismus. aES-MaACLjG-2943-4